00997 a2200229 4500010001400000020002300014020002300037020002600060020003300086035001300119037001500132082001300147100002100160245012000181260004100301270008700342300002500429500002000454520025200474650001600726700002500742 aENG-86272 a0761933824c680.00 a076193393Xc680.00 a9780761933823c680.00 a9780761933939 (pbk.)c680.00 aEN-69805 bDBAD / PUB00a658.40121 aJain, Gautam Raj1 aShaping organisational strategies :bfuture perspectives, concepts and cases /cby Gautam Raj Jain[and] Atul Tandan aNew Delhi :bResponse Books ;c2006. aB-1/11, Mohan Coperative Industrial Estate, Mathura RoadbNew DelhicDelhie110044 a235 p.bill.c23 cm. aIncludes index. aEmerging trends in organisational dynamics -- Organisation and its environment -- Corporate governance -- Personal and interpersonal dynamics at work -- Challenges for future managers -- Mentoring and empowerment -- Managing organisational crises. 0aManagement.1 aTandan, Atul,d1948-